General zoology laboratory guide ... (Record no. 16166)

000 -LEADER
fixed length control field 00478cam a22001451 4500
040 ## - CATALOGING SOURCE
Transcribing agency CSluSP
082 ## - DEWEY DECIMAL CLASSIFICATION NUMBER
Classification number 590 BUR 1938 A023 Or.
100 1# - MAIN ENTRY--AUTHOR NAME
Personal name Wodsedalek, Jerry Edward,
245 10 - TITLE STATEMENT
Title General zoology laboratory guide ...
260 ## - PUBLICATION, DISTRIBUTION, ETC. (IMPRINT)
Place of publication Minneapolis, Minn.,
Name of publisher Burgess Publishing Company, mimeoprint and photo offset publishers,
Year of publication c1938-
300 ## - PHYSICAL DESCRIPTION
Number of Pages v.
Other physical details illus., diagrs.
Dimensions 28 x 23 cm.
500 ## - GENERAL NOTE
General note Includes perforated work sheets for students.
650 #0 - SUBJECT ADDED ENTRY--TOPICAL TERM
Topical Term Zoology
942 ## - ADDED ENTRY ELEMENTS (KOHA)
Koha item type សៀវភៅភាសាអង់គ្លេស
952 ## - LOCATION AND ITEM INFORMATION (KOHA)
Withdrawn status [LOCAL, KOHA] 0
Holdings
Permanent Location Date acquired Koha item type Lost status Shelving location Barcode Current Location Full call number
Library Block A2018-01-17សៀវភៅភាសាអង់គ្លេស A023A14111Library Block A590 BUR 1938 A023 Or.
មជ្ឈមណ្ឌលឯការនៃសាកលវិទ្យាល័យភូមិន្ទកសិកម្មចំការដូង

Powered by Koha